Горный институт и петербургская высшая школа в пространстве образования, науки и культуры

Bibliografiske detaljer
Institution som forfatter: Санкт-Петербургский государственный горный институт им. Г. В. Плеханова (технический университет) (СПбГГИ (ТУ))
Andre forfattere: Афанасьев В. Г. (редактор), Шмонин Д. В.
Summary:В 163-й том «Записок Горного института» включены статьи, написанные по материалам межвузовской научной конференции «Горный институт и петербургская высшая школа в пространстве образования, науки и культуры», проходившей в Санкт-Петербургском государственном горном институте (техническом университете) 25-26 ноября 2004 г. В статьях рассматриваются культурные и образовательные традиции в истории Горного института и высшей школы, вопросы организации подготовки специалистов, преподавания гуманитарных дисциплин в технических вузах. В том вошли статьи, обобщающие прикладные и междисциплинарные исследования в области фундаментальных наук, а также посвященные актуальным гуманитарным проблемам современного общества. Сборник предназначен для историков, филологов, философов, всех, кто интересуется проблемами истории и актуальными проблемами современного образования, науки и культуры.
Sprog:russisk
Udgivet: СПб., Изд-во СПбГГи, 2005
Serier:Записки Горного института Т. 163
Fag:
Format: MixedMaterials Bog
KOHA link:https://koha.lib.tpu.ru/cgi-bin/koha/opac-detail.pl?biblionumber=113719

MARC

LEADER 00000nam0a2200000 4500
001 113719
005 20231031122008.0
010 |a 5942112045 
035 |a (RuTPU)RU\TPU\book\122981 
090 |a 113719 
100 |a 20070416d2005 k y0rusy50 ca 
101 0 |a rus 
102 |a RU 
105 |a y z 001zy 
200 1 |a Горный институт и петербургская высшая школа в пространстве образования, науки и культуры  |f Санкт-Петербургский горный институт; под ред. В. Г. Афанасьева, Д. В. Шмонина 
210 |a СПб.  |c Изд-во СПбГГи  |d 2005 
215 |a 282 с. 
225 1 |a Записки Горного института  |v Т. 163 
320 |a Библиогр. в конце ст. 
330 |a В 163-й том «Записок Горного института» включены статьи, написанные по материалам межвузовской научной конференции «Горный институт и петербургская высшая школа в пространстве образования, науки и культуры», проходившей в Санкт-Петербургском государственном горном институте (техническом университете) 25-26 ноября 2004 г. В статьях рассматриваются культурные и образовательные традиции в истории Горного института и высшей школы, вопросы организации подготовки специалистов, преподавания гуманитарных дисциплин в технических вузах. В том вошли статьи, обобщающие прикладные и междисциплинарные исследования в области фундаментальных наук, а также посвященные актуальным гуманитарным проблемам современного общества. Сборник предназначен для историков, филологов, философов, всех, кто интересуется проблемами истории и актуальными проблемами современного образования, науки и культуры. 
610 1 |a горное образование 
610 1 |a горные институты 
610 1 |a высшая школа 
610 1 |a культурные традиции 
610 1 |a образовательные традиции 
610 1 |a подготовка специалистов 
610 1 |a фундаментальные науки 
610 1 |a прикладные исследования 
610 1 |a междисциплинарные исследования 
610 1 |a человек 
610 1 |a общество 
610 1 |a культура 
610 1 |a социогуманитарные проблемы 
610 1 |a культурология 
610 1 |a технические вузы 
610 1 |a преподавание 
675 |a 622  |v 3 
686 |a Ч486.30  |2 rubbk 
702 1 |a Афанасьев  |b В. Г.  |4 340 
702 1 |a Шмонин  |b Д. В.  |4 340 
712 0 2 |a Санкт-Петербургский государственный горный институт им. Г. В. Плеханова (технический университет) (СПбГГИ (ТУ))  |2 stltpush  |3 (RuTPU)RU\TPU\col\54 
801 1 |a RU  |b 63413507  |c 20070416  |g PSBO 
801 2 |a RU  |b 63413507  |c 20071017  |g PSBO 
942 |c BK